000 00577nam a2200217Ia 4500
005 20250508150207.0
008 008 250505s9999 xx 000 0 eng d
037 _aTextual
040 _aFEDL
_beng
_cFEDL
041 _aeng
_2eng
084 _a100, PAT
_qFEDL
100 _aPatrick George Thomas White
245 0 _aIntroduction to philosophy
250 _aRev.
260 _aBoston, USA
_bHoughton Mifflin Company
_c1935
300 _ax,482p.
365 _aINR
_b2186
650 _aPhilosophy
942 _cTEXL
_h100, PAT
999 _c1322305
_d1322305